000 00330 a2200145 4500
001 47528
020 _a9780746086551
040 _cAnchieta - Aquarius
100 _aDobbie, Meg
240 1 0 _aFind the kitten
_leng
245 1 0 _aFind the kitten
300 _a10p,
650 4 _aLiteratura infanto-juvenil em inglês
942 _cBK
999 _c47528
_d47528